000 00444nam a2200193Ia 4500
005 20240823035038.0
008 240823s9999||||xx |||||||||||||| ||und||
020 _a978-93-5029-396-6
041 _aENGLISH
082 _A823.914 Q2
100 _aRanbir Singh Sidhu
245 0 _aGood Indian Girls
250 _a1st
260 _c2012
_bThe India Today
500 _aYES
650 _aStories
_bGeneral
942 _cBK
999 _c199748
_d199748